Отчет Комитета Николаевской главной астрономической обсерватории

Доступно только в Электронных читальных залах Найти на картеНа карте
RUSMARC
00004054nmc2a22002653x 450
0011697f5e0-9d2b-43b9-ac21-0d9fe251ba29
00520220720114204.0
100##$a20220215l18681868k l0rusy0189 ca
1010#$arus
102##$aRU
105##$ay###
1222#$ad
2001#$aОтчет Комитета Николаевской главной астрономической обсерватории
$j24 мая 1868 г.
215##$a20 л.
$d36,5х26 см
251##$cДело
300##$aДело
300##$aОриг. заголовок дела: Годовой отчет, представленный Комитету Николаевской главной астрономической обсерватории. 24 мая 1868 г
371##$aДокумент не является опубликованным и широко распространяемым
461#0$1001a74412a3-3cc5-4d21-8f0a-dfe2fbd9e72d
$12001
$aДепартамент народного просвещения Министерства народного просвещения (1803-1917)
$1251
$cФонд
$1852
$j733
462#0$1001806be975-d691-4c06-b662-6ab985ccae05
$12001
$aОтчеты научных учреждений и учебных заведений Департамента народного просвещения
$1251
$cОпись
$1852
$j202
5171#$aГодовой отчет, представленный Комитету Николаевской главной астрономической обсерватории. 24 мая 1868 г
801#0$aRU
$bРГИА
$c20220215
$gRCR
801#1$aRU
$bГлавНИВЦ
$c20220215
$2rusmarc
801#2$aRU
$bПБ им. Б.Н. Ельцина
$c20220720
$gRCR
$2rusmarc
850##$aРГИА
852##$aРГИА
$eФедеральное казенное учреждение "Российский государственный исторический архив" (РГИА)
$j1092
937##$hРГИА
$d12375753
$aASBIBLIO_SCAN
035##$aRusGRCC00039743
856##$uhttp://readingroom.main.prlib.ru/item.aspx?id_node=n177409346&mode=full
Формат отображения